The Elephant paradigm : India wrestles with change

Bibliographic Details
Main Author: Das, Gurcharan
Format: Book
Published: New Delhi : Penguin Books India (P) Ltd., , 2002
Subjects:

MARC

LEADER 00000cam a2200000 7i4500
001 0000078217
005 20040715.0
020 |a 014302910X 
090 0 0 |a 301.2954   |b DAS 
100 1 |a Das, Gurcharan 
245 1 4 |a The Elephant paradigm :   |b India wrestles with change   |c Gurcharan Das 
260 |a New Delhi :   |b Penguin Books India (P) Ltd., ,   |c 2002 
300 |a 301p. ;   |c 22cm. 
650 0 0 |a Social change   |z India 
651 0 |a India   |x Social conditions   |y 1947- 
999 |a 00165467   |b BUKU   |c PINJAMAN   |e PERPUSTAKAAN KOMUNITI PETALING JAYA